Statistiken für UEFA Präsidenten

Klicken Sie hier um das Quiz zu spielen!

Allgemein

  • Dieses Quiz wurde 50 mal gespielt
  • Das Durchschnittsergebnis liegt bei 2 aus 9

Antwortstatistiken

AmtszeitNationalitätPräsident% Korrekt
2007–2015FrankreichMichel Platini
88%
seit 2016SlowenienAleksander Čeferin
66%
1990–2007SchwedenLennart Johansson
36%
2015–2016SpanienÁngel María Villar
8%
1973–1983ItalienArtemio Franchi
6%
1954–1962DänemarkEbbe Schwartz
6%
1962–1972SchweizGustav Wiederkehr
6%
1983–1990FrankreichJacques Georges
6%
1972–1973UngarnSándor Barcs
6%

Verteilung der Resultate

Perzentil nach korrekt beantworteten Fragen

Anzahl Personen mit jedem Resultat

Ihre Resultats-Entwicklung

Sie haben dieses Quiz noch nicht gespielt